Hamilton Typing Challenge Quiz Stats

 Plays Quiz not verified by Sporcle

Score 0/46 Timer 01:00
23 Plays Today
Type This Type % Correct
????
100%
????
99%
????
98.2%
????
97.5%
????
96.7%
????
96.3%
????
95.8%
????
95.3%
????
95%
????
94.5%
????
94.2%
????
93.5%
????
93.1%
????
92.8%
????
92.2%
????
91.7%
????
91.1%
????
90.5%
????
89.6%
????
88.7%
????
87.7%
????
86.1%
????
84.4%
Type This Type % Correct
????
82.4%
????
80.2%
????
78%
????
74.7%
????
70.9%
????
66.7%
????
63%
????
58.5%
????
53.3%
????
48.9%
????
45.3%
????
41.1%
????
35.8%
????
30.3%
????
26.4%
????
22%
????
18.2%
????
15%
????
11.1%
????
8.1%
????
5.3%
????
3.1%
????
1.2%

You're not logged in!

Compare scores with friends on all Sporcle quizzes.
OR
Log In

Show Comments

Extras

Top Quizzes Today


Score Distribution

Your Account Isn't Verified!

In order to create a playlist on Sporcle, you need to verify the email address you used during registration. Go to your Sporcle Settings to finish the process.

Report this User

Report this user for behavior that violates our Community Guidelines.

Details: